000 00723nam a2200217 a 4500
001 000025276
005 20200930023657.0
008 110211s1979 sp a r 000 f spa d
020 _a842860522X
040 _aDO-SdBNP
_bspa
_cBNPHU
041 1 7 _aspa
_heng
_2Código de idioma MARC
082 _aNNN
_bB118n
100 1 _aBach, Richard
_d1936-
_93225
240 1 0 _aThere's no such place as far away
_lEspañol.
245 1 0 _aNingún lugar está lejo /
_cRichard Bach ; traducción de Gregorio Vlastelica.
260 _aBarcelona :
_bPomaire,
_c1979.
300 _a[50] p. :
_bil. ;
_c20 cm.
534 _aTítulo original:
_tThere's no such place as far away
700 1 _aVlastelica, Gregorio
_etr.
_951794
049 _aBNGR
999 _c24769
_d24769